03442nam a2200277 a 450000100100000000500170001000800410002702000180006804000250008608200150011110000420012624500900016825000110025826000340026930000360030350000630033950507960040250512520119871000800245095201280253095201280265895201290278695201130291595201190302899900170314700004470020230511100334.0141218s2014 dr ac 000 0 spa d a9789945462746 aDO-SdBNPbspacBNPHU axxxxbxxxx1 aPeralta Michel, José,d1931-94649510aEn la Vega :bresistencia antitrujillista... y más allá /cJosé Peralta Michel. a2a ed. aSanto Domingo :bCPEP,c2014. a242 p. :bil., retrs. ;c22 cm. aIncluye datos biográficos del autor en la contracubierta0 tMis primeros conocimientos de Trujillo --tUna agresión injustificable --tUn testimonio: historia de la causa --tLa juventud democrática en La Vega --tEl Partido Socialista Popular (PSP) --tComunicación histórica --tCambio de vida y actitud frente al régimen --tJuan Rodriguez García: asedio y exilio --tJosé Espaillat Rodríguez. Persecución y exilio --tResistencia y actividades conspirativas. Apresamientos, represión y muertes --tVeganos marcados por la tiranía --tFinal de un decenio de actividades revolucionarias y represivas --tEl proyecto revolucionario de los hermanos Batista Clisante --tNey Pimentel: resistencia y muerte brutal --tComienzo de la resistencia y la conspiración interna en el 1959 --tEn La Vega: resistencia y conspiración --0 tMártires veganos en Constanza, Maimón y Estero Hondo --tReactivación de la conspiración --tNuevo proyecto conspirativo ampliado --tLas acciones revolucionarias de 10 y 11 de octubre --tDescubrimiento de las acciones y prisión --tLas torturas de "La 40" --tEncierro en solitarias en la cárcel de "La Victoria" --tMi permanencia en solitaria --tDramático comportamiento de mi hermana Ninón --tCambio sorpresivo y encuentro familiar --tDe solitarias a "el pasillo" --tDe nuevo a "La 40" --tResistencia de veganos y represión --tLa "magnanimidad" de Trujillo en su carta de indulto --tRegreso al hogar --tLa Iglesia y TrujillotLa madrugada del 31 de mayo y prisión --tFirmantes de UCN y renuncia al Partido Dominicano --tEl 14 de Junio en La Vega --tAtaque y destrucción del local del 14 de Junio --tAsalto a las residencias del Dr. Gómez Yangüela y de Francisco Gómez Estrella --tLa noche del 19 noviembre --tVeganos en la insurrección constitucionalista de 1963 --tLa muerte de Alfredo Antonio y otros hechos de Las Manaclas --tVigilancia y persecución --tLa Vega y Revolución Constitucionalista --tLa muerte de Carlos José Sebastián Gómez --tLa muerte de Stalin García Muñoz --12aRepública DominicanabComisión Permanente de Efemérides Patria945309 001054708DSaGRbGRcCTd2014-12-18iLF1l0oxxxx xxxxp44700-30r2020-06-25te. 3w2020-06-25yLFDSZPréstamo en sala 001054708DSaGRbGRcCTd2014-12-18iLF1l0oxxxx xxxxp44700-40r2020-06-25te. 4w2020-06-25yLFDSZPréstamo en sala 001054708DSaGRbGRcCTd2014-12-18iLF1l0oxxxx xxxxp44700-50r2020-06-25te. 5w2020-06-25yLFDSZPréstamo en sala 0010718PDaPDbPDcCTd2014-12-18iLF1l0oxxxx xxxxp44700-10r2020-06-25w2020-06-25yLFPDZNo se presta 0010718PDaPDbPDcCTd2014-12-18iLF1l0oxxxx xxxxp44700-20r2020-06-25te. 2w2020-06-25yLFPDZNo se presta c44189d44189